000 00225 a2200097 4500
001 43495
100 _aCoombes
245 _aRepresentative English Poems
260 _aLondon
_bGeorge G Harrap & Co.
_c
090 _c27309
_d27309
942 _aNUST-CAE
_cM
_c19235
999 _c278568
_d278568